书目信息 |
| 题名: |
步枪和突击步枪
|
|
| 作者: | 福特著 著 | |
| 分册: | ||
| 出版信息: | 北京 中国市场出版社 2010.1 |
|
| 页数: | 200页 | |
| 开本: | 26cm | |
| 丛书名: | ||
| 单 册: | ||
| 中图分类: | E922.12 | |
| 科图分类: | ||
| 主题词: | 步枪--基本知识 | |
| 电子资源: | ||
| ISBN: | 978-7-5092-0541-9 | |
| 000 | 00995nam0 2200241 45 | |
| 001 | 1237592872 | |
| 005 | 20120618094949.87 | |
| 010 | @a978-7-5092-0541-9@dCNY48.00 | |
| 100 | @a20120229d2010 ekmy0chiy0120 ea | |
| 101 | 0 | @achi |
| 102 | @aCN@b110000 | |
| 105 | @ay z 000yy | |
| 106 | @ar | |
| 200 | 1 | @a步枪和突击步枪@ABu Qiang He Tu Ji Bu Qiang@f(英) 罗杰·福特著@F( Ying ) Luo Jie· Fu Te Zhu@g刘亚华等译 |
| 210 | @a北京@c中国市场出版社@d2010.1 | |
| 215 | @a200页@c图,[3]页图版@d26cm | |
| 300 | @a武器图典 | |
| 330 | @a本书将向大家介绍18世纪到现代社会的漫长发展过程中出现的所有独一无二、具有革命性意义的步枪设计。本书参照各种步枪的发展过程、设计特点以及作战历史,对它们进行了全面的介绍。此外,还对每种枪型推出之时其竞争制造商以及同时期其他国家推出的各种枪型进行了对比。真实地再现历史上无数军用步枪的特点。 | |
| 606 | 0 | @a步枪@x基本知识 |
| 690 | @aE922.12@v4 | |
| 701 | 0 | @c(英)@a福特著@AFu Te Zhu@b罗杰@4著 |
| 801 | 0 | @aCN@bTSTCL@c20120604 |
| 905 | @b0817071-74@dE922.12@e23@f4 | |
| 步枪和突击步枪/(英) 罗杰·福特著/刘亚华等译.-北京:中国市场出版社,2010.1 |
| 200页:图,[3]页图版;26cm |
| 武器图典 |
| ISBN 978-7-5092-0541-9:CNY48.00 |
| 本书将向大家介绍18世纪到现代社会的漫长发展过程中出现的所有独一无二、具有革命性意义的步枪设计。本书参照各种步枪的发展过程、设计特点以及作战历史,对它们进行了全面的介绍。此外,还对每种枪型推出之时其竞争制造商以及同时期其他国家推出的各种枪型进行了对比。真实地再现历史上无数军用步枪的特点。 |
| ● |
| 相关链接 |
|
|
|
|
正题名:步枪和突击步枪
索取号:E922.12/23
 
预约/预借
| 序号 | 登录号 | 条形码 | 馆藏地/架位号 | 状态 | 备注 |
| 1 | 0817071 | 208170717 | 第一样本阅览室/ [索取号:E922.12/23] | 在馆 | |
| 2 | 0817072 | 208170726 | 第一借阅区/ [索取号:E922.12/23] | 在馆 | |
| 3 | 0817073 | 208170735 | 第一借阅区/ [索取号:E922.12/23] | 在馆 | |
| 4 | 0817074 | 208170744 | 第一借阅区/ [索取号:E922.12/23] | 在馆 |